Goa and the blue mountains / (Record no. 52822)

MARC details
000 -LEADER
fixed length control field 00516nam a2200193Ia 4500
005 - DATE AND TIME OF LATEST TRANSACTION
control field 20260429112207.0
008 - FIXED-LENGTH DATA ELEMENTS--GENERAL INFORMATION
fixed length control field 260429s9999||||xx |||||||||||||| ||und||
020 ## - INTERNATIONAL STANDARD BOOK NUMBER
International Standard Book Number 9789355272775
041 ## - LANGUAGE CODE
Language English
082 ## - DEWEY DECIMAL CLASSIFICATION NUMBER
Classification number 915.47
Item number BUR
100 ## - MAIN ENTRY--PERSONAL NAME
Personal name Burton, Richard F.
245 #0 - TITLE STATEMENT
Title Goa and the blue mountains /
Statement of responsibility, etc Richard F. Burton
250 ## - EDITION STATEMENT
Edition statement 1st ed.
260 ## - PUBLICATION, DISTRIBUTION, ETC. (IMPRINT)
Place of publication, distribution, etc Chennai :
Name of publisher, distributor, etc Maven Books,
Date of publication, distribution, etc 2026.
300 ## - PHYSICAL DESCRIPTION
Extent 232 p.; hb
650 ## - SUBJECT ADDED ENTRY--TOPICAL TERM
Topical term or geographic name as entry element Hill regions-India
650 ## - SUBJECT ADDED ENTRY--TOPICAL TERM
Topical term or geographic name as entry element Goa-Description and travel
942 ## - ADDED ENTRY ELEMENTS (KOHA)
Koha item type Text Books
Holdings
Withdrawn status Lost status Damaged status Not for loan Collection code Home library Location Shelving location Date of Cataloging Source of acquisition Total Checkouts Full call number Barcode Date last seen Price effective from Koha item type
        Non-fiction CUTN Central Library CUTN Central Library History & Geography 29/04/2026 Tamilnadu Book House, Chennai - Invoice No. IN/73 on 17-02-2026   915.47 BUR 57944 29/04/2026 29/04/2026 Text Books